| 000 | 00898nam a2200277 a 4500 | ||
|---|---|---|---|
| 001 | 27095 | ||
| 003 | BD-RjUL | ||
| 005 | 20211209051118.0 | ||
| 008 | 181015t18931894scu 000 0 eng | ||
| 035 | _a(BD-RjUL)27166 | ||
| 040 |
_aDLC _cCarP _dDLC _dBD-RjUL _beng |
||
| 041 | _aeng | ||
| 043 | _ae-ur--- | ||
| 082 |
_223 _a947 _bBRS 1894 |
||
| 100 | 1 |
_aBroadhead, Jane Milliken Napier _9223874 |
|
| 245 | 1 | 0 |
_aSlav and Moslem : _bHistorical sketch / _cby J. Milliken Napier Broadhead |
| 260 |
_aCharleston, S.C. : _bWalker, Evans & Cogswell co., _cc1893 [printed 1894] |
||
| 300 |
_aviii, 301 p. ; _c21 cm. |
||
| 650 | 0 |
_aEastern question (Balkan) _9223875 |
|
| 650 | 0 |
_aEastern question (Central Asia) _9223876 |
|
| 651 | 0 |
_aRussia _xHistory. _9223877 |
|
| 651 | 0 |
_aSoviet Union _xHistory. _9223878 |
|
| 651 | 0 |
_aTurkey _xHistory. _9223879 |
|
| 942 |
_2ddc _cRAR |
||
| 999 |
_c27095 _d27095 |
||